| 000 | 00587nam a2200205Ia 4500 | ||
|---|---|---|---|
| 005 | 20260429112306.0 | ||
| 008 | 260429s9999||||xx |||||||||||||| ||und|| | ||
| 020 | _a9798887153780 | ||
| 041 | _aEnglish | ||
| 082 |
_a020.72 _bGOR |
||
| 100 | _aGoranson, Arnold | ||
| 245 | 0 |
_aResearch methodology in library and information science / _cArnold Goranson |
|
| 250 | _a1st ed. | ||
| 260 |
_aDublin : _bOryson Press, _c2024. |
||
| 300 | _aviii, 295 p.; hb | ||
| 650 | _a Information science | ||
| 650 | _a Research methodology | ||
| 650 | _aLibrary science—Research | ||
| 942 | _cTB | ||
| 999 |
_c53344 _d53344 |
||